000 00195 a2200097 4500
020 _a9780688154875
041 _aspa
100 _abeverly Cleary
245 _aRamona empiesa el curso
942 _cBK
999 _c30177
_d30175